000 00553nam a2200229Ia 4500
003 OSt
005 20220918213714.0
006 a|||||r|||| 00| 0
007 ta
008 220917b |||||||| |||| 00| 0 eng d
024 _a133,876
037 _cTextual
040 _aARTS
_cARTS
_beng
041 _2eng
_aeng
082 _aX:87, K51
100 _aKohler Eric L
_9128037
245 0 _aAccounting for management
260 _c1965
650 _aECONOMICS
942 _hX:87, K51
_cTEXL
_2CC
999 _c256983
_d256983